|
|
|
|
| LEADER |
00834nam a2200217 a 4500 |
| 001 |
480195 |
| 008 |
090827s1977 mau b 001 0 eng d |
| 010 |
|
|
|a 84021298
|
| 040 |
|
|
|a DLC
|c DLC
|d DLC
|
| 082 |
0 |
0 |
|a 375/.001
|2 19
|
| 100 |
1 |
|
|a McNeil, John D.
|
| 245 |
1 |
0 |
|a Curriculum :
|b a comprehensive introduction /
|c John D. McNeil.
|
| 250 |
|
|
|a 3rd ed.
|
| 260 |
|
|
|a Boston :
|b Little Brown,
|c c1977.
|
| 300 |
|
|
|a xii, 333 p. ;
|c 24 cm.
|
| 504 |
|
|
|a Includes bibliographical references and index.
|
| 541 |
1 |
|
|e 00002318
|
| 650 |
|
0 |
|a Curriculum planning.
|
| 852 |
4 |
|
|a Ayesha Abed Library
|j General shelf
|
| 999 |
|
|
|c 3930
|d 3930
|
| 952 |
|
|
|0 0
|1 0
|2 ddc
|4 0
|6 375_001000000000000_MCN_1977
|7 0
|9 3573
|a BRACUL
|b BRACUL
|c GEN
|d 2009-09-15
|g 0.00
|l 2
|m 1
|o 375.001 MCN
|p 3010002318
|r 2017-09-23
|s 2017-08-17
|t 1
|w 2009-09-15
|y BK
|x No price found in the accession register.
|